Managing Business Process Flows (Record no. 1847726)

MARC details
000 -LEADER
fixed length control field 00707nam a2200289Ia 4500
005 - DATE AND TIME OF LATEST TRANSACTION
control field 20260401125847.0
008 - FIXED-LENGTH DATA ELEMENTS--GENERAL INFORMATION
fixed length control field 008 300114s9999 xx 000 0 eng d
020 ## - INTERNATIONAL STANDARD BOOK NUMBER
International Standard Book Number 9781292036298
037 ## - SOURCE OF ACQUISITION
Stock number EBOOK
040 ## - CATALOGING SOURCE
Original cataloging agency CRL
040 ## - CATALOGING SOURCE
Language of cataloging eng
040 ## - CATALOGING SOURCE
Transcribing agency CRL
041 ## - LANGUAGE CODE
Source of code eng
041 ## - LANGUAGE CODE
Language code of text/sound track or separate title eng
084 ## - COLON CLASSIFICATION NUMBER
Assigning agency CRL
100 ## - MAIN ENTRY--PERSONAL NAME
Personal name Anupindi;Chopra;Deshmukh;Van Mieghem;Zemel
9 (RLIN) 1233892
245 #0 - TITLE STATEMENT
Title Managing Business Process Flows
250 ## - EDITION STATEMENT
Edition statement 1
260 ## - PUBLICATION, DISTRIBUTION, ETC.
Name of publisher, distributor, etc. Pearson
260 ## - PUBLICATION, DISTRIBUTION, ETC.
Date of publication, distribution, etc. 2013
365 ## - TRADE PRICE
Price amount 66640
650 ## - SUBJECT ADDED ENTRY--TOPICAL TERM
Topical term or geographic name entry element FMS
9 (RLIN) 1233893
856 ## - ELECTRONIC LOCATION AND ACCESS
Uniform Resource Identifier <a href="https://admin.elibrary.in.pearson.com/api/1.0/org/24122025/launchlibrary">https://admin.elibrary.in.pearson.com/api/1.0/org/24122025/launchlibrary</a>
942 ## - ADDED ENTRY ELEMENTS (KOHA)
Koha item type eBooks
Holdings
Withdrawn status Lost status Damaged status Not for loan Home library Current library Date acquired Total Checkouts Barcode Date last seen Price effective from Koha item type
        Central Library Central Library 2026-04-01   CL2135786 2026-04-01 2026-04-01 eBooks
Copyright @ Delhi University Library System